000 007690000a22002770004500
001 6490
003 CO-MdFUSB
005 20180622165802.0
008 160311b xxu||||| |||| 00| 0 eng d
020 _a0-687-35887-6
040 _aCO-MdFUSB
_cCO-MdFUSB
_erda
041 0 _aENG
082 0 4 _a253.5
_bO352r
100 1 _aOglesby, Wm. B.
245 1 0 _aReferral in pastoral counseling
_c/ Wm. B. Oglesby
260 _aNashville, TN., USA : Abingdon
300 _a139 Pag
337 _2rdamedia
_asin mediación
_bn
504 _aIncluye referencias bibliográficas: páginas
653 _aConsejería pastoral
653 _aCuidado pastoral
653 _aConsejería
942 _cBK
999 _c36760
_d36760
336 _atexto
_btxt
_2rdacontent
338 _2rdacarrier
_avolumen
_bnc